Concepts in molecular biology (Record no. 26657)

MARC details
000 -LEADER
fixed length control field 00455nam a2200169Ia 4500
008 - FIXED-LENGTH DATA ELEMENTS--GENERAL INFORMATION
fixed length control field 230917s9999||||xx |||||||||||||| ||und||
020 ## - ISBN
Price RS295
040 ## - CATALOGING SOURCE
-- 247119
Original cataloging agency VIVEKANANDA LIBRARY
041 ## - Language
-- English
082 ## - DDC NUMBER
Classification number 574.88 R186C
100 ## - MAIN ENTRY--PERSONAL NAME
Personal name Rastogi, S C
245 #0 - TITLE STATEMENT
Title Concepts in molecular biology
260 ## - PUBLICATION, DISTRIBUTION, ETC. (IMPRINT)
Place of publication, distribution, etc New Delhi
Name of publisher, distributor, etc New Age International
Date of publication, distribution, etc 2017
300 ## - PHYSICAL DESCRIPTION
Pages vii, 281 p.
500 ## - GENERAL NOTE
General note 3104 14/05/2018 HBD18/7401 21/05/2018 Main Budget
942 ## - ADDED ENTRY ELEMENTS (KOHA)
Koha item type Books
Holdings
Withdrawn status Lost status Damaged status Not for loan Location (home branch) Sublocation or collection (holding branch) Shelving location Date acquired Koha issues (times borrowed) Koha full call number Accession No. Koha date last seen Koha item type
        VIVEKANANDA LIBRARY VIVEKANANDA LIBRARY UIET Library 15/06/2018   574.88 R186C 369875 17/09/2023 Books
        VIVEKANANDA LIBRARY VIVEKANANDA LIBRARY UIET Library 15/06/2018   574.88 R186C 369876 17/09/2023 Books
        VIVEKANANDA LIBRARY VIVEKANANDA LIBRARY UIET Library 15/06/2018 1 574.88 R186C 369877 04/03/2025 Books
        VIVEKANANDA LIBRARY VIVEKANANDA LIBRARY UIET Library 15/06/2018   574.88 R186C 369878 17/09/2023 Books
        VIVEKANANDA LIBRARY VIVEKANANDA LIBRARY UIET Library 15/06/2018   574.88 R186C 369879 17/09/2023 Books
© Designed and Maintained by Vivekananda Library, MDU Rohtak